LEADER 01014nam0 22002411i 450 001 UON00205152 005 20231205103310.337 010 $a22-470-2626-5 100 $a20030730d1997 |0itac50 ba 101 $afre 102 $aFR 105 $a|||| ||||| 200 1 $a Urbanisme$eRèglements Documents d'urbanisme Permis de construire Autorisations Lotissements Zac Habitat social Fiscalité Expropriation Droit de préemption Environnement Patrimoine culturel 210 $aDalloz XIII$d1365 p. ; 23 cm. 606 $aFrancia$xDiritto dell'ambiente$3UONC037932$2FI 620 $aFR$dParis$3UONL002984 712 $aDalloz$3UONV256784$4650 801 $aIT$bSOL$c20260123$gRICA 899 $aSIBA - SISTEMA BIBLIOTECARIO DI ATENEO E ARCHIVIO STORICO$2UONSI 912 $aUON00205152 950 $aSIBA - SISTEMA BIBLIOTECARIO DI ATENEO E ARCHIVIO STORICO$dSI PUB H 0448 $eSI SC 31462 5 0448 996 $aUrbanisme$958512 997 $aUNIOR